[Event "Tenerife-chT Primera 1314"]
[Site "Tenerife"]
[Date "2014.03.29"]
[Round "12.3"]
[White "Calvo Nobrega, Joaquin Manuel"]
[Black "Rodriguez Govea, Alejandro Jose"]
[Result "1-0"]
[WhiteElo "1799"]
[BlackElo "1515"]
[PlyCount "49"]
[EventDate "2013.12.14"]
[EventType "team-tourn"]
[EventRounds "14"]
[EventCountry "ESP"]
[SourceTitle "EXT 2015"]
[Source "ChessBase"]
[SourceDate "2014.11.20"]
[SourceVersion "1"]
[SourceVersionDate "2014.11.20"]
[SourceQuality "1"]
[WhiteTeam "Casa de Venezuela"]
[BlackTeam "Valledrez"]
[WhiteTeamCountry "ESP"]
[BlackTeamCountry "ESP"]

1. e4 c5 2. Nf3 Nc6 3. Bb5 e6 4. c3 Nge7 5. 0-0 a6 6. Ba4 b5 7. Bc2 Bb7 8. d4 cxd4 9. Nxd4 Ng6 10. Be3 Qc7 11. a3 Bd6 12. h3 0-0 13. Nd2 Nce5 14. f4 Nc4 15. Nxc4 bxc4 16. Qg4 Bc5 17. Kh1 Qb6 18. Rab1 Rfe8 19. h4 Ne7 20. Bg1 Nc6 21. Rfd1 Ne7 22. h5 d6 23. h6 g6 24. Qg5 f5 25. Qf6 1-0

[Event "Tenerife-chT Primera 1314"]
[Site "Tenerife"]
[Date "2014.02.15"]
[Round "7.4"]
[White "Pena Aragon, Sergio"]
[Black "Rodriguez Govea, Alejandro Jose"]
[Result "1-0"]
[WhiteElo "1423"]
[BlackElo "1515"]
[PlyCount "67"]
[EventDate "2013.12.14"]
[EventType "team-tourn"]
[EventRounds "14"]
[EventCountry "ESP"]
[SourceTitle "EXT 2015"]
[Source "ChessBase"]
[SourceDate "2014.11.20"]
[SourceVersion "1"]
[SourceVersionDate "2014.11.20"]
[SourceQuality "1"]
[WhiteTeam "Cajacanarias Tenerife"]
[BlackTeam "Valledrez"]
[WhiteTeamCountry "ESP"]
[BlackTeamCountry "ESP"]

1. c4 Nf6 2. Nc3 d5 3. cxd5 Nxd5 4. Nf3 Nc6 5. g3 g6 6. Bg2 Bg7 7. 0-0 e5 8. Qb3 Nb6 9. d3 Be6 10. Qc2 Nb4 11. Qd2 0-0 12. b3 N4d5 13. Bb2 Ne7 14. Ne4 Nc6 15. Nc5 Qc8 16. Rfd1 Rd8 17. Qe3 Nd5 18. Qd2 Nde7 19. Rac1 Rb8 20. Bc3 Nd5 21. Bb2 Nde7 22. Ng5 Bh6 23. e3 Bxg5 24. b4 b5 25. Ne4 Bh6 26. Nf6+ Kg7 27. Bxc6 Nxc6 28. Rxc6 Kxf6 29. Qc3 Rd5 30. e4 Rd6 31. Rxc7 Qxc7 32. Qxc7 Rc8 33. Qxd6 Rc2 34. Bxe5+ 1-0

[Event "Tenerife-chT Primera 1314"]
[Site "Tenerife"]
[Date "2013.12.14"]
[Round "1.4"]
[White "Exposito Cruz, Airam"]
[Black "Rodriguez Govea, Alejandro Jose"]
[Result "0-1"]
[WhiteElo "1374"]
[BlackElo "1515"]
[PlyCount "52"]
[EventDate "2013.12.14"]
[EventType "team-tourn"]
[EventRounds "14"]
[EventCountry "ESP"]
[SourceTitle "EXT 2015"]
[Source "ChessBase"]
[SourceDate "2014.11.20"]
[SourceVersion "1"]
[SourceVersionDate "2014.11.20"]
[SourceQuality "1"]
[WhiteTeam "La Gomera"]
[BlackTeam "Valledrez"]
[WhiteTeamCountry "ESP"]
[BlackTeamCountry "ESP"]

1. e4 c5 2. Nf3 Nc6 3. d4 cxd4 4. Nxd4 Nf6 5. Nc3 e5 6. Ndb5 d6 7. Bg5 a6 8. Na3 b5 9. Bxf6 gxf6 10. Nd5 Bg7 11. c4 b4 12. Nc2 a5 13. Nce3 Rb8 14. Bd3 Nd4 15. 0-0 0-0 16. Qh5 Re8 17. b3 f5 18. f3 f4 19. Nc2 Nxc2 20. Bxc2 Re6 21. h4 Rh6 22. Qg5 f6 23. Nxf6+ Qxf6 24. Rad1 Qf8 25. h5 Qe8 26. c5 Rxh5 0-1

[Event "Tenerife-chT-A1"]
[Site "Tenerife"]
[Date "2013.02.16"]
[Round "4.1"]
[White "Machin Arbelo, Pedro Alexis"]
[Black "Rodriguez Govea, Alejandro Jose"]
[Result "1-0"]
[WhiteElo "2077"]
[BlackElo "1522"]
[PlyCount "61"]
[EventDate "2013.01.19"]
[EventType "team-tourn"]
[EventRounds "14"]
[EventCountry "ESP"]
[SourceTitle "EXT 2014"]
[Source "ChessBase"]
[SourceDate "2013.11.20"]
[SourceVersion "1"]
[SourceVersionDate "2013.11.20"]
[SourceQuality "1"]
[WhiteTeam "La Gomera"]
[BlackTeam "Valledrez"]
[WhiteTeamCountry "ESP"]
[BlackTeamCountry "ESP"]

1. e4 c5 2. Nf3 Nc6 3. c3 Nf6 4. e5 Nd5 5. Bc4 e6 6. 0-0 Be7 7. d4 Nb6 8. Bb5 0-0 9. Nbd2 d5 10. exd6 Qxd6 11. Ne4 Qd5 12. dxc5 Qxe4 13. cxb6 axb6 14. Re1 Qf5 15. Qe2 Rd8 16. Be3 Bc5 17. Bg5 Be7 18. Bd2 Ra5 19. a4 Ra8 20. b4 Bf6 21. Rac1 g5 22. h3 h6 23. Be3 Ne5 24. Nxe5 Bxe5 25. Bxb6 Bf6 26. Bxd8 Bxd8 27. Rcd1 Be7 28. Rd3 Qh7 29. Rf3 Ra7 30. Qc4 b6 31. Qxc8+ 1-0

[Event "Tenerife-chT-A1"]
[Site "Tenerife"]
[Date "2013.01.26"]
[Round "2.4"]
[White "Rodriguez Govea, Alejandro Jose"]
[Black "Rodriguez, Jesus Alberto"]
[Result "1/2-1/2"]
[WhiteElo "1522"]
[BlackElo "1415"]
[PlyCount "104"]
[EventDate "2013.01.19"]
[EventType "team-tourn"]
[EventRounds "14"]
[EventCountry "ESP"]
[SourceTitle "EXT 2014"]
[Source "ChessBase"]
[SourceDate "2013.11.20"]
[SourceVersion "1"]
[SourceVersionDate "2013.11.20"]
[SourceQuality "1"]
[WhiteTeam "Valledrez"]
[BlackTeam "Laguna Cotelec II"]
[WhiteTeamCountry "ESP"]
[BlackTeamCountry "ESP"]

1. e4 c5 2. Nf3 Nc6 3. d3 d6 4. g3 Bg4 5. Nbd2 g6 6. h3 Bd7 7. Bg2 Bg7 8. c3 Nf6 9. 0-0 0-0 10. Re1 Qc7 11. a4 a6 12. d4 cxd4 13. cxd4 Nb4 14. Re3 Rac8 15. Rc3 Qb6 16. a5 Qa7 17. Qb3 Nc6 18. d5 Ne5 19. Nxe5 dxe5 20. Nc4 Nh5 21. Nb6 Rxc3 22. bxc3 Rd8 23. Ba3 Bf8 24. Bf1 e6 25. Bxf8 Kxf8 26. Qa3+ Ke8 27. Rd1 Qb8 28. Qc1 Nf6 29. Qg5 Nxe4 30. Qe3 Nf6 31. d6 Nd5 32. Nxd5 exd5 33. Qxe5+ Be6 34. Rxd5 Kd7 35. Rd2 Re8 36. Qd4 h6 37. Qa4+ Kd8 38. Qb4 Kd7 39. Be2 h5 40. Bd1 Kc8 41. Qc5+ Kd8 42. Qb6+ Kc8 43. d7+ Bxd7 44. Rxd7 Re1+ 45. Kg2 Kxd7 46. Ba4+ Ke7 47. Qb4+ Qd6 48. Qxb7+ Kf6 49. Bb3 Re7 50. Qf3+ Kg7 51. Bc4 f5 52. Qa8 Kf6 1/2-1/2

[Event "Tenerife-ch U18 Cup Cabildo"]
[Site "Santa Cruz de Tenerife"]
[Date "2012.01.17"]
[Round "6"]
[White "Pozo Vinuesa, Ana"]
[Black "Rodriguez Govea, Alejandro Jose"]
[Result "1-0"]
[WhiteElo "1390"]
[BlackElo "1556"]
[PlyCount "73"]
[EventDate "2012.01.14"]
[EventType "swiss"]
[EventRounds "9"]
[EventCountry "ESP"]
[SourceTitle "EXT 2024"]
[Source "ChessBase"]
[SourceDate "2023.10.10"]
[SourceVersion "1"]
[SourceVersionDate "2023.10.10"]
[SourceQuality "1"]

1. e4 c5 2. Nf3 Nc6 3. d4 cxd4 4. Nxd4 Nf6 5. Nc3 e5 6. Ndb5 d6 7. Be3 a6 8. Na3 b5 9. Nd5 Rb8 10. Bd3 Nxd5 11. exd5 Ne7 12. Be4 f5 13. Bf3 g6 14. Be2 Bg7 15. Rc1 Bb7 16. c4 bxc4 17. Bxc4 Qa5+ 18. Bd2 Qb6 19. Bc3 Rc8 20. Bb3 0-0 21. 0-0 f4 22. Qf3 Nf5 23. Nc4 Qd8 24. Nd2 Rc7 25. Ba5 Rff7 26. Ne4 Nd4 27. Qd3 f3 28. Bxc7 Ne2+ 29. Qxe2 Qxc7 30. Qxf3 Rxf3 31. Rxc7 Rxb3 32. axb3 Bxd5 33. Nxd6 Bxb3 34. Rc8+ Bf8 35. Re1 Kg7 36. Ne8+ Kf7 37. Rxe5 1-0

[Event "La Laguna U18"]
[Site "La Laguna"]
[Date "2011.05.15"]
[Round "3.5"]
[White "Rodriguez Govea, Alejandro Jose"]
[Black "Ferrera Gonzalez, Carlos"]
[Result "1-0"]
[WhiteElo "1509"]
[BlackElo "1492"]
[PlyCount "55"]
[EventDate "2011.05.14"]
[EventType "swiss"]
[EventRounds "9"]
[EventCountry "ESP"]
[SourceTitle "EXT 2024"]
[Source "ChessBase"]
[SourceDate "2023.10.10"]
[SourceVersion "1"]
[SourceVersionDate "2023.10.10"]
[SourceQuality "1"]

1. e4 d5 2. exd5 Qxd5 3. Nc3 Qa5 4. d4 c6 5. Nf3 Nf6 6. a3 Bf5 7. Bd2 e6 8. Ne4 Qc7 9. Nxf6+ gxf6 10. Bc4 Nd7 11. Bc3 0-0-0 12. Qd2 Bd6 13. h3 Rhg8 14. g3 Be4 15. Qe2 Bd5 16. Bxd5 exd5 17. 0-0-0 Rde8 18. Qd3 h6 19. Qh7 Rh8 20. Qxf7 Re7 21. Qg6 Re2 22. Rhf1 Ree8 23. Rde1 Reg8 24. Qf5 b6 25. Re6 Rg7 26. Rxf6 Rhh7 27. Bd2 h5 28. Ng5 1-0

[Event "ESP-ch"]
[Site "El Sauzal"]
[Date "2010.09.09"]
[Round "6"]
[White "De la Rubia Ramirez, Dulce Nombre"]
[Black "Rodriguez Govea, Alejandro Jose"]
[Result "1-0"]
[WhiteElo "1774"]
[BlackElo "1504"]
[PlyCount "127"]
[EventDate "2010.09.04"]
[EventType "swiss"]
[EventRounds "9"]
[EventCountry "ESP"]
[SourceTitle "CBM 138 Extra"]
[Source "ChessBase"]
[SourceDate "2010.10.29"]
[SourceVersion "1"]
[SourceVersionDate "2010.10.29"]
[SourceQuality "1"]

1. e4 c5 2. Nc3 Nc6 3. g3 e6 4. Bg2 g6 5. f4 Bg7 6. Nf3 Nge7 7. 0-0 0-0 8. d3 d6 9. Be3 a6 10. Rb1 Qc7 11. Ne2 b5 12. c3 Bb7 13. Qc2 Nb8 14. Rbd1 Nd7 15. g4 Rac8 16. Ng3 Kh8 17. h3 d5 18. e5 f6 19. exf6 Rxf6 20. Qd2 Rcf8 21. Ne2 h6 22. d4 c4 23. Ne5 Kh7 24. h4 Rh8 25. Ng3 Rff8 26. h5 Nf6 27. hxg6+ Nxg6 28. Nxg6 Kxg6 29. Qc2+ Kf7 30. Qe2 Ke7 31. Qf3 e5 32. Nf5+ Ke8 33. fxe5 Ne4 34. Qh3 Ng5 35. Nxg7+ Qxg7 36. Rxf8+ Rxf8 37. Bxg5 Qxg5 38. Qh5+ Qxh5 39. gxh5 Rf5 40. Rf1 Rxf1+ 41. Kxf1 Ke7 42. Ke2 Bc6 43. Ke3 a5 44. Bf3 a4 45. Bd1 Ke6 46. Kf4 Kf7 47. Bg4 Kg7 48. a3 Kf7 49. Bc8 Be8 50. Bf5 Ke7 51. Bg4 Bf7 52. Bf3 Ke6 53. Bg2 Bxh5 54. Bh3+ Kf7 55. Bd7 Bd1 56. Bxb5 Ke6 57. Ba6 Be2 58. Bc8+ Ke7 59. Bg4 Bf1 60. Bd1 Bh3 61. Bxa4 h5 62. Kg5 Bg4 63. Bc2 Bd7 64. Kxh5 1-0

[Event "ESP-ch"]
[Site "El Sauzal"]
[Date "2010.09.07"]
[Round "4"]
[White "Rodriguez Govea, Alejandro Jose"]
[Black "Garcia Lorenzo, Jaime"]
[Result "1-0"]
[WhiteElo "1504"]
[BlackElo "1319"]
[PlyCount "103"]
[EventDate "2010.09.04"]
[EventType "swiss"]
[EventRounds "9"]
[EventCountry "ESP"]
[SourceTitle "CBM 138 Extra"]
[Source "ChessBase"]
[SourceDate "2010.10.29"]
[SourceVersion "1"]
[SourceVersionDate "2010.10.29"]
[SourceQuality "1"]

1. e4 c5 2. d3 Nc6 3. Nf3 Nf6 4. Nbd2 e6 5. g3 Be7 6. Bg2 0-0 7. 0-0 d5 8. c3 Re8 9. Re1 e5 10. exd5 Nxd5 11. Nxe5 Nxe5 12. Rxe5 Nf6 13. Qe2 Rb8 14. Nf3 Be6 15. Ng5 Bd5 16. Nf3 Bd6 17. Re3 Bc6 18. Bd2 a6 19. Re1 b5 20. d4 Ne4 21. Bc1 c4 22. Nd2 Nxc3 23. Rxe8+ Bxe8 24. bxc3 h6 25. Ne4 Be7 26. Bf4 Rb6 27. Nf6+ Kf8 28. Qxe7+ Qxe7 29. Nh7+ Kg8 30. Rxe7 Re6 31. Rxe6 fxe6 32. Ng5 hxg5 33. Bxg5 a5 34. Be7 Kf7 35. Bc5 Kf6 36. Kf1 g5 37. Ke2 Bg6 38. a3 Bd3+ 39. Ke3 Kf5 40. h3 Kg6 41. Be4+ Bxe4 42. Kxe4 Kh5 43. Ke5 g4 44. hxg4+ Kxg4 45. Kxe6 Kf3 46. d5 Ke2 47. d6 Kd3 48. d7 Kxc3 49. d8Q b4 50. axb4 axb4 51. Qd4+ Kb3 52. Qd1+ 1-0

[Event "ESP-ch"]
[Site "El Sauzal"]
[Date "2010.09.06"]
[Round "3"]
[White "Rodriguez Jorge, David"]
[Black "Rodriguez Govea, Alejandro Jose"]
[Result "1-0"]
[WhiteElo "1940"]
[BlackElo "1504"]
[PlyCount "95"]
[EventDate "2010.09.04"]
[EventType "swiss"]
[EventRounds "9"]
[EventCountry "ESP"]
[SourceTitle "CBM 138 Extra"]
[Source "ChessBase"]
[SourceDate "2010.10.29"]
[SourceVersion "1"]
[SourceVersionDate "2010.10.29"]
[SourceQuality "1"]

1. e4 c5 2. Nf3 Nc6 3. c4 e6 4. Nc3 g6 5. d4 cxd4 6. Nxd4 Bg7 7. Be3 Nge7 8. Be2 a6 9. Qd2 Qc7 10. f3 0-0 11. 0-0 d6 12. Rfd1 Rd8 13. Rac1 Ne5 14. Bf1 N7c6 15. b3 b6 16. Qf2 Rb8 17. Na4 Nd7 18. a3 Nc5 19. Nxc6 Qxc6 20. Nxc5 bxc5 21. Rb1 Bb7 22. Rd3 Rd7 23. Rbd1 Rc8 24. Bf4 Bd4 25. Be3 e5 26. g3 f5 27. Bh3 Rf8 28. Bxd4 cxd4 29. Re1 Qc5 30. Qa2 Rc7 31. Bg2 a5 32. a4 Bc6 33. Bf1 h5 34. Qd2 Rcf7 35. Qg5 Kh7 36. Bg2 Bb7 37. h3 Qc7 38. g4 fxe4 39. gxh5 gxh5 40. Qxh5+ Kg8 41. fxe4 Rg7 42. Qh4 Rf4 43. Qh5 Rxg2+ 44. Kxg2 Qg7+ 45. Rg3 Bxe4+ 46. Rxe4 Qxg3+ 47. Kxg3 Rxe4 48. Qg6+ 1-0

[Event "La Laguna op 4th"]
[Site "La Laguna"]
[Date "2010.04.10"]
[Round "8"]
[White "Guerra Arrocha, Daniel"]
[Black "Rodriguez Govea, Alejandro Jose"]
[Result "0-1"]
[WhiteElo "1625"]
[BlackElo "1505"]
[PlyCount "62"]
[EventDate "2010.04.05"]
[EventType "swiss"]
[EventRounds "9"]
[EventCountry "ESP"]
[SourceTitle "CBM 135 Extra"]
[Source "ChessBase"]
[SourceDate "2010.05.04"]
[SourceVersion "1"]
[SourceVersionDate "2010.05.04"]
[SourceQuality "1"]

1. e4 c5 2. Nf3 Nc6 3. d4 cxd4 4. Nxd4 Nf6 5. Nc3 e5 6. Ndb5 d6 7. Bg5 a6 8. Na3 b5 9. Nd5 Be7 10. Nxe7 Qxe7 11. c4 b4 12. Nc2 a5 13. Ne3 Be6 14. Nd5 Bxd5 15. cxd5 Nd4 16. Bd3 0-0 17. Be3 Rfe8 18. Bxd4 exd4 19. f3 Nxd5 20. Bb5 Ne3 21. Qd2 Rec8 22. Ba4 Qe5 23. Kf2 b3 24. Bxb3 a4 25. Bd1 Qc5 26. b4 Qb6 27. a3 Nc4 28. Qd3 Nb2 29. Qd2 Nxd1+ 30. Rhxd1 d3+ 31. Qe3 Rc2+ 0-1

[Event "La Laguna op 3rd"]
[Site "La Laguna"]
[Date "2009.05.04"]
[Round "1"]
[White "Rodriguez Govea, Alejandro Jose"]
[Black "Matnadze, Ana"]
[Result "0-1"]
[WhiteElo "1567"]
[BlackElo "2414"]
[PlyCount "86"]
[EventDate "2009.05.04"]
[EventType "swiss"]
[EventRounds "9"]
[EventCountry "ESP"]
[SourceTitle "CBM 130 Extra"]
[Source "ChessBase"]
[SourceDate "2009.07.02"]
[SourceVersion "2"]
[SourceVersionDate "2009.07.15"]
[SourceQuality "1"]

1. e4 c5 2. Nf3 d6 3. d4 cxd4 4. Nxd4 Nf6 5. Nc3 Nc6 6. Be3 Ng4 7. Qd2 Nxe3 8. Qxe3 e5 9. Ndb5 a6 10. Na3 Be7 11. Nd5 0-0 12. Bc4 b5 13. Bb3 Nd4 14. c3 Bg5 15. f4 Nxb3 16. axb3 Bxf4 17. Qf3 Bh6 18. 0-0 Be6 19. Rad1 Qh4 20. Ne3 Bxe3+ 21. Qxe3 Rad8 22. Qb6 Qxe4 23. Rxd6 Rxd6 24. Qxd6 Bd5 25. Rf2 Qe1+ 26. Rf1 Qe3+ 27. Rf2 Bxb3 28. h3 h5 29. Qd2 Qb6 30. Nc2 Rd8 31. Qe2 Bxc2 32. Qxc2 e4 33. Qb3 Qa7 34. Kf1 Rd3 35. Qc2 Qd7 36. Re2 Rd1+ 37. Re1 Qf5+ 38. Ke2 Rd3 39. Rf1 Qg5 40. Ke1 f5 41. Rf2 Kf8 42. c4 bxc4 43. Qxc4 Qe3+ 0-1